000 01200nam2a22002411 4500
001 RU\NLR\INFOCOMM6\1000486936
005 20250617001533.0
035 _a(NLR Aleph) 002306208
090 _a4272956
_c4272956
100 _a20041005d1995 |||y0rusy50 ca
101 0 _arus
102 _aRU
105 _ay |||||||||
200 1 _aМатериалы II съезда профсоюза работников народного образования и науки РФ
210 _d1995
_aБ. м.
461 0 _1001RU\NLR\INFOCOMM6\1000486907
_12001#$aИнформационный бюллетень$fПрофсоюз работников науки и образования г. Москвы. Совет профсоюза$v1995, №8
_94272942
_aПрофсоюз работников образования и науки Москвы
_cМ.
_d1993 - 2008
_fПрофсоюз работников науки и образования г. Москвы. Совет профсоюза
_tИнформационный бюллетень
_v1995, №8
801 1 _aRU
_bInfoComm
_c20041005
801 0 _aRU
_bNLR
_gPSBO
852 _aNLR
_jП22/6380
942 _cISSUE
980 _aNB
980 _aRUSPER